00676cam a22002174a 4500020001800000040000800018082001500026100001900041245005600060260004300116300003400159440004100193504006600234650003100300650001900331650002900350650001000379650002900389650001900418700002100437 a9780262042444 cDLC00a612.82222 dGuido Dornhege00aToward brain computer interfacing cGuido Dornhege  aCambridge, Mass. :bMIT Press,cc2007. axii, 507 p. :bill. ;c26 cm. 0aNeural information processing series aIncludes bibliographical references (p. [441]-490) and index. 0aBrain-computer interfaces.12aBrain Mapping.12aUser-Computer Interface.22aBrain22aPsychomotor Performance.22aRehabilitation1 aDornhege, Guido.